BCS Winning Teams Quiz Stats

 Plays Quiz Updated Dec 19, 2015

Challenge
Share
Tweet
Embed
Score 0/32 Timer 06:00
1 Play Today
% Correct
Alabama
96.1%
Auburn
89.4%
Florida State
88.1%
Florida
87.9%
Ohio State
86.5%
LSU
86%
Oklahoma
84.9%
Michigan
82.8%
Texas
82.8%
Oregon
81.4%
USC
81.2%
Georgia
80.7%
Miami (FL)
80.1%
Michigan State
79.3%
Boise State
77.2%
Wisconsin
71.9%
% Correct
Stanford
71.8%
Clemson
70.9%
Nebraska
67.5%
Penn State
67.3%
Tennessee
66.1%
Virginia Tech
64.9%
TCU
62.6%
West Virginia
58.3%
Louisville
58%
Oklahoma State
56.9%
Utah
51%
Iowa
45.6%
Washington
36.3%
Kansas
35.9%
UCF
32.4%
Oregon State
26.7%

You're not logged in!

Compare scores with friends on all Sporcle quizzes.
OR
Log In

You Might Also Like...

Show Comments

Extras

Top Quizzes Today


Score Distribution

Your Account Isn't Verified!

In order to create a playlist on Sporcle, you need to verify the email address you used during registration. Go to your Sporcle Settings to finish the process.

Report this User

Report this user for behavior that violates our Community Guidelines.

Details: